| 000 | 00489nam a2200145Ia 4500 | ||
|---|---|---|---|
| 008 | 170221s9999 xx 000 0 und d | ||
| 100 | _aBressler, Martin S. | ||
| 245 | _aBuilding the winning organization through high-impact hiring | ||
| 245 | _cMartin S. Bressler, Southeastern Oklahoma State University. | ||
| 260 | _bJournal of Management and Marketing Research | ||
| 260 | _c2012 | ||
| 300 | _a32 : 7 | ||
| 650 | _xBusiness | ||
| 856 | _uhttp://www.aabri.com/manuscripts/141821.pdf | ||
| 999 |
_c311277 _d311277 |
||